駅名に「藤」を含む駅 - Statistics

General Stats
  • This quiz has been taken 183 times
  • The average score is 16 of 38
Answer Stats
Hint Answer % Correct
藤沢市 藤沢
94%
藤崎町 藤崎
88%
福岡市 藤崎
88%
若狭町 藤井
82%
栃木市 藤岡
79%
藤枝市 藤枝
78%
藤井寺市 藤井寺
78%
国見町 藤田
68%
藤岡市 群馬藤岡
68%
相模原市 藤野
64%
藤沢市 藤沢本町
63%
藤岡市 北藤岡
62%
取手市 藤代
55%
日光市 新藤原
49%
横浜市 藤が丘
48%
名古屋市 藤が丘
48%
岡崎市 藤川
45%
春日部市 藤の牛島
44%
入間市 武蔵藤沢
35%
鶴岡市 藤島
34%
京都市 藤森
32%
米子市 後藤
30%
いなべ市 西藤原
28%
明石市 藤江
27%
有田川町 藤並
26%
愛西市 藤浪
24%
北上市 藤根
23%
田川市 田川後藤寺
23%
熊本市 藤崎宮前
23%
いなべ市 東藤原
22%
京都市 JR藤森
22%
日光市 間藤
21%
枚方市 藤阪
18%
岩国市 藤生
16%
福井市 東藤島
9%
香美市 繁藤
8%
直方市 藤棚
6%
北九州市 藤ノ木
5%
No matching quizzes found
Score Distribution
Percent of People with Each Score
Percentile by Number Answered
Your Score History
You have not taken this quiz